000 00746nam a2200253Ia 4500
003 OSt
005 20220928123950.0
006 a|||||r|||| 00| 0
007 ta
008 220927b |||||||| |||| 00| 0 eng d
024 _a5354
037 _cTextual
040 _aSDCL
_cSDCL
_beng
041 _2eng
_aeng
082 _aBobR5, P6
100 _aSinclair Nathalie Ed.
_9462727
245 0 _aMathematics and the aesthetic
_b New approach to an ancient affinity.
260 _aNew York
_b Springer
_c2006
300 _axv,288p
_ccm.
490 _aCMS books in mathematics
700 _a Pimm David Ed.
_9462728
942 _hBobR5, P6
_cTEXL
_2CC
999 _c775695
_d775695